International arbitration and the rule of law :contribution and conformity / (Record no. 4006)

000 -LEADER
fixed length control field 01821cam a2200433 a 4500
001 - CONTROL NUMBER
control field 20165472
003 - CONTROL NUMBER IDENTIFIER
control field OSt
005 - DATE AND TIME OF LATEST TRANSACTION
control field 20180619100446.0
008 - FIXED-LENGTH DATA ELEMENTS--GENERAL INFORMATION
fixed length control field 171206s2017 ne b 100 0 eng d
010 ## - LIBRARY OF CONGRESS CONTROL NUMBER
LC control number 2017298033
020 ## - INTERNATIONAL STANDARD BOOK NUMBER
International Standard Book Number 9789041194459 (hbk. : alk. paper)
020 ## - INTERNATIONAL STANDARD BOOK NUMBER
International Standard Book Number 9041194452 (hbk. : alk. paper)
020 ## - INTERNATIONAL STANDARD BOOK NUMBER
Cancelled/invalid ISBN 9789041194466 (e-Book)
020 ## - INTERNATIONAL STANDARD BOOK NUMBER
Cancelled/invalid ISBN 9789041194473 (web-PDF)
035 ## - SYSTEM CONTROL NUMBER
System control number (OCoLC)on1007307047
040 ## - CATALOGING SOURCE
Original cataloging agency YDX
Language of cataloging eng
Transcribing agency YDX
Modifying agency GUL
-- OCLCF
-- DLC
042 ## - AUTHENTICATION CODE
Authentication code lccopycat
050 00 - LIBRARY OF CONGRESS CALL NUMBER
Classification number K2400.A6I58 2016
111 2# - MAIN ENTRY--MEETING NAME
Meeting name or jurisdiction name as entry element International Arbitration Congress
Number of part/section/meeting (23rd :
Date of meeting 2016 :
Location of meeting Mauritius)
245 10 - TITLE STATEMENT
Title International arbitration and the rule of law :contribution and conformity /
Statement of responsibility, etc general editor, Andrea Menaker ; with the assistance of the Permanent Court of Arbitration, Peace Palace, The Hague.
260 ## - PUBLICATION, DISTRIBUTION, ETC. (IMPRINT)
Place of publication, distribution, etc The Netherlands
Name of publisher, distributor, etc Kluwers Law International
Date of publication, distribution, etc 2017
300 ## - PHYSICAL DESCRIPTION
Extent xv, 1095 pages ;
Dimensions 25 cm.
490 1# - SERIES STATEMENT
Series statement ICCA Congress Series ;
Volume number/sequential designation No. 19
500 ## - GENERAL NOTE
General note "Volume 19 of the Congress series contains the proceedings of ICCA's 2016 Mauritius Congress, the first ICCA Congress held in Africa." --Back cover.
504 ## - BIBLIOGRAPHY, ETC. NOTE
Bibliography, etc Includes bibliographical references.
650 #0 - SUBJECT ADDED ENTRY--TOPICAL TERM
Topical term or geographic name as entry element Arbitration (International law)
Form subdivision Congresses.
650 #0 - SUBJECT ADDED ENTRY--TOPICAL TERM
Topical term or geographic name as entry element Rule of law
Form subdivision Congresses.
650 #7 - SUBJECT ADDED ENTRY--TOPICAL TERM
Topical term or geographic name as entry element Arbitration (International law)
650 #7 - SUBJECT ADDED ENTRY--TOPICAL TERM
Topical term or geographic name as entry element Rule of law.
655 #7 - INDEX TERM--GENRE/FORM
Genre/form data or focus term Conference papers and proceedings.
655 #7 - INDEX TERM--GENRE/FORM
Genre/form data or focus term Conference papers and proceedings.
Source of term lcgft
700 1# - ADDED ENTRY--PERSONAL NAME
Personal name Menaker, Andrea,
Relator term editor.
710 2# - ADDED ENTRY--CORPORATE NAME
Corporate name or jurisdiction name as entry element Permanent Court of Arbitration.
710 2# - ADDED ENTRY--CORPORATE NAME
Corporate name or jurisdiction name as entry element International Council for Commercial Arbitration.
830 #0 - SERIES ADDED ENTRY--UNIFORM TITLE
Uniform title ICCA congress series ;
Volume number/sequential designation no. 19.
906 ## - LOCAL DATA ELEMENT F, LDF (RLIN)
a 7
b cbc
c copycat
d 2
e ncip
f 20
g y-gencatlg
942 ## - ADDED ENTRY ELEMENTS (KOHA)
Source of classification or shelving scheme
Koha item type Book
Holdings
Withdrawn status Lost status Source of classification or shelving scheme Damaged status Not for loan Home library Current library Shelving location Date acquired Total Checkouts Full call number Barcode Date last seen Copy number Price effective from Koha item type
          Riara University Library Riara University Library General stack 19/06/2018   K2400.A6I58 2016 10044/18 25/06/2018 C.1 19/06/2018 Book

Riara University Library,
P.O. Box 49940-00100,
Nairobi, Kenya.